header

Gender and consumption (Record no. 125500)

MARC details
000 -LEADER
fixed length control field 02818nam a2200397 a 4500
082 04 - DEWEY DECIMAL CLASSIFICATION NUMBER
Classification number 305.43/640918210904
245 00 - TITLE STATEMENT
Title Gender and consumption
260 ## - PUBLICATION, DISTRIBUTION, ETC. (IMPRINT)
Place of publication Aldershot, England ;
-- Burlington, VT :
Name of publisher Ashgate,
Year of publication c2007.
300 ## - PHYSICAL DESCRIPTION
Number of Pages ix, 246 p. :
Other physical details ill.
505 0# - FORMATTED CONTENTS NOTE
Formatted contents note Introduction / Emma Casey and Lydia Martens -- Class, gender and domestic consumption in Britain, 1920-1950 / Judy Giles -- The feminist and the cook : Julia Child, Betty Friedan, and domestic femininity / Joanne Hollows -- Gender and the destalinization of consumer taste in the Soviet Union under Khrushchev / Susan E. Reid -- Making sameness : mothering, commerce and the culture of children's birthday parties / Alison J. Clarke -- Perceptions of commercialised social introduction services amongst women / Jacqueline Davidson -- Consuming pleasure on the wedding day : the lived experience of being a bride / Sharon Boden -- Gambling and everyday life : working class mothers and domestic spaces of consumption / Emma Casey -- Gender, class, emotional capital and consumption in family life / Elizabeth B. Silva -- The sensory home as a site of consumption : everyday laundry practices and the production of gender / Sarah Pink -- Consumption and sexual intimacy : towards an understanding of intimate cultures in everyday life / Dana Wilson-Kovacs -- Gender at play : d�ecor differences between boys' and girls' bedrooms / Irene Cieraad -- Afterword : gender, consumer culture and promises of bettermen in late modernity / Lydia Martens and Emma Casey.
650 #0 - SUBJECT ADDED ENTRY--TOPICAL TERM
Topical Term Women
Topical Term Women
Topical Term Women consumers.
Topical Term Consumption (Economics)
Topical Term Home economics.
700 1# - ADDED ENTRY--PERSONAL NAME
Personal name Casey, Emma.
Personal name Martens, Lydia.
856 40 - ELECTRONIC LOCATION AND ACCESS
Uniform Resource Identifier http://site.ebrary.com/lib/rucke/Doc?id=10211458

No items available.

© 2026 Rongo University
Contact us: librarian | system librarian | Rongo university